00847nam a2200241 a 4500001001000000005001700010008004100027020001500068041000800083044000800091050002100099100002400120245012400144260004600268300002300314504002900337650002600366650006300392650005900455700002800514700002900542700003400571BRCA_374020190320204415.0940311s1993 nyua---##b---#000-0deng-# a0962109649 aeng anyu 4aTR395b.K73 19931 aKraus, Hans P.cJr.10aSun PicturesbCatalogue SixcHans P. Kraus ; Thomas Keith and John Forbes White ; research and text by Larry J. Schaaf. aNew YorkbHans P. Kraus, Jr., Inc.cc1993 a77 p.bil.c28 cm. aBibliografía: p. 15-1614aCalotipovCatálogos14aFotografía de arquitecturaxHistoriaySiglo XIXzEscocia14aFotografía de paisajesxHistoriaySiglo XIXzEscocia1 aSchaaf, Larry J.d1947-1 aKeith, Thomasd1827-18951 aWhite, John Forbesd1831-1904